| 000 | 01036nam a2200349Ia 4500 | ||
|---|---|---|---|
| 003 | GCL | ||
| 005 | 20240530102413.0 | ||
| 008 | 140319s9999 xx 000 0 ara d | ||
| 040 |
_aGCL / _cGCL |
||
| 082 | 0 | 4 |
_a962.16 _bق/ع م |
| 100 | 1 | _aعبدالرحمن زكى | |
| 245 | 1 | 0 |
_aموسوعة مدينة القاهرة فى الف عام / _cعبدالرحمن زكى |
| 260 |
_a[S.N] : _bمكتبة الانجلوالمصرية ، _c1987 |
||
| 300 | _a410 ص | ||
| 650 | 0 | 4 | _aالعصر الحديث |
| 650 | 0 | 4 | _aتاريخ |
| 650 | 0 | 4 | _aالمقابر |
| 650 | 0 | 4 | _aالكبارى |
| 650 | 0 | 4 | _aالمدارس |
| 650 | 0 | 4 | _aالاثار الاسلامية |
| 650 | 0 | 4 | _aاحياء وضواحى |
| 650 | 0 | 4 | _aالمساجد |
| 650 | 0 | 4 | _aالشوارع |
| 650 | 0 | 4 | _aالمبانى التاريخية |
| 650 | 0 | 4 | _aالمتاحف |
| 650 | 0 | 4 | _aالحمامات العامة |
| 650 | 0 | 4 | _aاوقاف |
| 650 | 0 | 4 | _aالقاهرة |
| 650 | 0 | 4 | _aاسواق |
| 650 | 0 | 4 | _aالكنائس |
| 942 |
_2ddc _cBK |
||
| 999 |
_c32009 _d32009 |
||